1386 1195 1581 1862 1035 1215 1246 1971 1171 1531 1423 1947 1184 1586 1108 1350 1787 1968 1630 1044 1253 1304 1562 1697 1303 1661 1883 1844 1635 1406 1591 1239 1301 1746 1036 1596 1051 1790 1175 1346 1715 1205 1614 1664 1478 1993 1826 1447 1438 1057 1984 1765 1553 1647 1041 1206 2000 1353 1460 1862 1086 1007 1084 1038 1647 1998 1748 1665 1317 1029 1305 1114 1648 1918 1484 1046 1632 1483 1508 1239 1617 1785 1999 1666 1763 1674 1931 1372 1255 1686 1068 1310 1787 1416 1315 1448 1891 1297 1683 BCNSPRNW ULIB Ver.6.0+V

เปลี่ยนเป็นภาษาไทย

Change to English
 แสดงรายละเอียดบรรณานุกรม
  กลับหน้าหลัก

Brief Record : Get Marc (ISO 2709) : E-mail record : QR code < ปิดหน้าต่าง
LEADER : 00000nam 2200000uu 4500
001    13399120996
003     ULIB
008    121030s2552||||th 000 0 tha d
020    9789749557907
099    นว.^bส988ส
100 0  โสภี พรรณราย
245 00 สร้อยสายเพชร^cโสภี พรรณราย
260    กรุงเทพฯ:^bรวมสาน์ส,^c2552
945    ^p0^l0^i028084
999    ^aใช้งานได้ทุกระบบ
รายการนี้ยังไม่มีแท็ก
คุณยังไม่ได้ล็อกอิน คุณสามารถมีกิจกรรมร่วมกับเว็บไซต์ได้ แต่ต้องล็อกอินก่อน ::
  ล็อกอิน

รายการสื่อสารสนเทศ

ลำดับที่ ประเภท เลขเรียก/บาร์โค้ด สถานที่ สถานะ
1. วิทยาศาสตร์การแพทย์ และสุขภาพ
วิทยาศาสตร์การแพทย์ และสุขภาพ
นว. ส988ส  
  Barcode: 028084
ห้องสมุดวิทยาเขตสวรรค์ประชารักษ์
►หนังสือทั่วไป
บนชั้น

รายการใกล้เคียง
    ผู้แต่ง [โสภี พรรณราย]

BibComment


ยังไม่เคยถูกคอมเมนท์

คอมเมนท์ทรัพยากรรายการนี้
  คอมเมนท์: สร้อยสายเพชร โสภี..


 Copyright 2026. Bcnsprnw @Library